| 000 | 02201nam a2200313Ia 4500 | ||
|---|---|---|---|
| 001 | H1272 | ||
| 003 | IT-RoPAU | ||
| 008 | 130308s9999 xx 000 0 und d | ||
| 040 | _aIT-RoPAU | ||
| 040 | _cIT-RoPAU | ||
| 041 | _aITALIANO | ||
| 100 | _aBurke Peter | ||
| 100 | _gCodice Aut. SPICS: 8685 | ||
| 240 | _aUSES OF IMAGES AS HISTORICAL EVIDENCE (THE) | ||
| 240 | _gCodice Tit. Orig. Spics: T3309 | ||
| 245 | _aTestimoni oculari. Il significato storico delle immagini | ||
| 245 | _bTestimoni Oculari. Il Significato Storico delle Immagini | ||
| 250 | _a1a ed. | ||
| 260 | _aROMA | ||
| 260 | _bCarocci | ||
| 260 | _c2002 [1° Ed.:2002 - Ed.Ling.Originale:2001] | ||
| 300 | _a"258 p. (prefazione: no ; testo: 258 [pagine: 0-0])" | ||
| 500 | _a"L'Autore Dimostra Come L'Uso delle immagini Possa Arricchire in Modo Decisivo la Conoscenza del Passato e del Presente. Un Ritratto, una Statua, Un'Iscrizione, un Arazzo, e Piu' di Recente una fotografia o un Film, possono Rappresentare prove Storiche al pari di Quelle Piu' Tradizionali e ci Aiutano a comprendere Meglio Eventi e Contesti a Noi vicini o Lontani. Introduzione: Testimonianza delle Immagini: Fonti e Tracce, Varietà di Immagine. fotografie e Ritratti: Realismo Fotografico. Iconografia e Iconologia: idea Diiconografia; Scuola di Warburg; Esemplificazione e Critica del Metodo; Problema del Paesaggio. Sacro e Soprannaturale: immagini e Indottrinamento; culto delle Immagini; immagini e Devozione; immagini Polemiche; Crisi dell'Immagine. Potere e Protesta: immagini di Idee e di Individui; immagini Sovversive. Cultura Materiale e Immagini: Vedute di Citta'; Interni e Loro Arredamento; Pubblicità. Vedere la Societa': Bambini e Donne nella Vita Quotidiana; Reale e Ideale. stereotipi dell'Altro: Razze Mostruose. Narrazioni Visive: immagini dell'Attualita'; Leggere le Narrazioni; Scene di Battaglia; Serie e strisce Narrative; Film Come Testimonianza. Dal testimone Allo Storico. Oltre L'Iconografia? Storia Culturale delle Immagini: Storia Sociale dell'arte . Bibliografia." | ||
| 650 | _aTEORIA/LINGUAGGI DI ICONOLOGIA | ||
| 650 | _eCodice materia Spics: 5153 | ||
| 942 | _cBK | ||
| 957 | _71 | ||
| 999 |
_c91052 _d91052 |
||
| 999 | _g1 | ||